| 000 | 00566nam a2200217Ia 4500 | ||
|---|---|---|---|
| 003 | OSt | ||
| 005 | 20251229080241.0 | ||
| 008 | 160316s2000 xxu||||| |||| 00| 0 eng d | ||
| 020 | _a9780340924587 | ||
| 040 | _c. | ||
| 082 | _a658.3 LUN | ||
| 100 | _aLundin Stephen C | ||
| 245 | _aFish : A remarkable way to boost morale and improve results | ||
| 260 |
_aNew York : _bHyperion ; _c2000 |
||
| 300 | _a115p | ||
| 365 | _b Rs. 325 | ||
| 650 | _aEmployee Motivation | ||
| 650 | _aCustomer Services | ||
| 700 |
_aPaul Harry _aChristensen John |
||
| 942 |
_2ddc _cBK |
||
| 999 |
_c25880 _d25880 |
||